Statistiques concernant Arrondissements de la ville de Montréal sur une carte

Cliquez ici pour prendre le quiz!

Statistiques générales

  • Ce quiz a été pris 60 fois
  • Le résultat moyen est 13 sur 19

Réponses sur la Carte

Les réponses sont colorées sur une échelle allant du rouge au vert en fonction du pourcentage des utilisateurs qui les ont devinées à leur premier essai. Vous pouvez retrouver ces pourcentages ci-dessous.
 

Statistiques - réponses

Arrondissement% Correct
Le Plateau-Mont-Royal
86%
Ville-Marie
80%
Montréal-Nord
77%
Verdun
77%
Villeray–Saint-Michel–Parc-Extension
77%
Ahuntsic-Cartierville
75%
Mercier–Hochelaga-Maisonneuve
75%
Anjou
70%
Côte-des-Neiges–Notre-Dame-de-Grâce
70%
Outremont
70%
Saint-Léonard
70%
Rivière-des-Prairies–Pointe-aux-Trembles
68%
Rosemont–La Petite-Patrie
68%
Saint-Laurent
66%
LaSalle
64%
L'Île-Bizard–Sainte-Geneviève
64%
Lachine
61%
Le Sud-Ouest
61%
Pierrefonds-Roxboro
59%

Distribution des résultats

Percentile par nombre de réponses

% des personnes avec chaque résultat

Votre développement - résultats

Vous n’avez pas pris ce quiz